| 000 | 00546nam a2200181Ia 4500 | ||
|---|---|---|---|
| 001 | 34407 | ||
| 003 | IN-NITTTR | ||
| 005 | 20251114233432.0 | ||
| 008 | 251113s9999||||xx |||||||||||||| ||eng|| | ||
| 040 | _beng | ||
| 040 | _cIN-NITTTR | ||
| 041 | _aeng | ||
| 082 | _aTK5103.2 .L33 2009eb | ||
| 100 | _aLabrador, Miguel A. | ||
| 245 | 0 |
_aTopology Control in Wireless Sensor Networks : _b With a Companion Simulation Tool for Teaching and Research / _cLabrador, Miguel A., Wightman, Pedro M. |
|
| 700 | _a Wightman, Pedro M. | ||
| 942 |
_2ddc _cBK |
||
| 999 |
_c35205 _d35205 |
||